Accounting (Record no. 82476)

MARC details
000 -LEADER
fixed length control field 00544nam a2200205Ia 4500
003 - CONTROL NUMBER IDENTIFIER
control field OSt
005 - DATE AND TIME OF LATEST TRANSACTION
control field 20260218150841.0
020 ## - INTERNATIONAL STANDARD BOOK NUMBER
International Standard Book Number 978-0324-02542-4
040 ## - CATALOGING SOURCE
Transcribing agency LC
050 ## - LIBRARY OF CONGRESS CALL NUMBER
Classification number HF 5635. W 37 2002
100 ## - MAIN ENTRY--PERSONAL NAME
Personal name WARREN, CARL S
245 #0 - TITLE STATEMENT
Title Accounting
250 ## - EDITION STATEMENT
Edition statement 20
260 ## - PUBLICATION, DISTRIBUTION, ETC.
Place of publication, distribution, etc. NATORP BOULEVARD, MASON, OHIO,
Name of publisher, distributor, etc. SOUTH-WESTERN THOMSON LEARNING,
Date of publication, distribution, etc. 2001,
300 ## - PHYSICAL DESCRIPTION
Extent XXii, 1016 P, ILL
500 ## - GENERAL NOTE
General note INCLUDES BIBLIOGRAPHICAL REFERENCES AND INDEX
650 ## - SUBJECT ADDED ENTRY--TOPICAL TERM
Topical term or geographic name entry element Accounting
700 ## - ADDED ENTRY--PERSONAL NAME
Personal name REEVE JAMES M, FESS PHILIP E
942 ## - ADDED ENTRY ELEMENTS (KOHA)
Koha item type Long Loan Book
Source of classification or shelving scheme Library of Congress Classification
Holdings
Withdrawn status Lost status Source of classification or shelving scheme Damaged status Not for loan Collection Home library Current library Shelving location Date acquired Inventory number Total checkouts Full call number Date last seen Price effective from Koha item type Barcode Copy number Date last checked out
    Library of Congress Classification     Business & Economics Kisii University Library Kisii University Library On Display 09/15/2023 49884   HF 5635 .W37 2002 09/15/2023 09/15/2023 Long Loan Book      
    Library of Congress Classification     Business & Economics Kisii University Library Kisii University Library On Display 01/31/2024 00049834   HF 5635 .W37 2002 01/31/2024 01/31/2024 Long Loan Book 004730 1  
    Library of Congress Classification     Business & Economics Kisii University Library Kisii University Library On Display 01/31/2024 88102 1 HF 5635 .W37 2002 03/06/2024 01/31/2024 Long Loan Book 004732 2 02/21/2024
    Library of Congress Classification     Business & Economics Kisii University Library Kisii University Library On Display 01/31/2024 088644   HF 5635 .W37 2002 01/31/2024 01/31/2024 Long Loan Book 004731 3